000 00342nam a22001457a 4500
008 250314b |||||||| |||| 00| 0 eng d
020 _a9783527814695
050 _aRM301.25
_b.S83
100 _aFischer Jamas
245 _aSuccesful Drug Discovery
250 _a4th
260 _aGermany
_bWiley-VCH
_c2019
300 _aXI,255P
942 _cBK
999 _c2340
_d2340